[Event "Moscow Open A 2016"]
[Site "Moscow RUS"]
[Date "2016.01.31"]
[Round "2.88"]
[White "Kaasen, Tor Fredrik"]
[Black "Ibadov, Dashgyn"]
[Result "1-0"]
[BlackTitle "FM"]
[WhiteElo "2168"]
[BlackElo "2332"]
[WhiteFideId "1516647"]
[BlackFideId "24107514"]
[EventDate "2016.01.30"]

1. d4 e6 2. c4 f5 3. Nf3 Nf6 4. g3 c6 5. Bg2 d5 6. O-O Bd6 7. Bf4 Bxf4 8. gxf4
O-O 9. e3 Qe7 10. Nbd2 Bd7 11. Qc2 Ne4 12. Ne5 Be8 13. c5 Nd7 14. Ndf3 Bh5 15.
Nxd7 Qxd7 16. Ne5 Qe7 17. b4 Kh8 18. Rab1 Rg8 19. b5 Be8 20. bxc6 Bxc6 21. Rb2
g5 22. f3 Nf6 23. Rfb1 Rae8 24. Qe2 gxf4 25. exf4 Rg7 26. Kh1 Reg8 27. Bh3 Nh5
28. Nxc6 bxc6 29. Qe5 Qh4 30. Bg2 Qxf4 31. Qxe6 Qxd4 32. Qxf5 Rg5 33. Qf7 Nf4
34. Rb4 Qd2 35. Qf6+ R5g7 36. R4b2 Qe3 37. Rb8 Qe6 38. Rxg8+ Qxg8 39. Qxf4 Rxg2
40. Qe5+ Rg7 41. Rb8 1-0

[Event "Moscow Open A 2016"]
[Site "Moscow RUS"]
[Date "2016.01.31"]
[Round "2.89"]
[White "Mikhailov, Viacheslav"]
[Black "Kurilo, Vladislav"]
[Result "1-0"]
[WhiteTitle "FM"]
[WhiteElo "2332"]
[BlackElo "2160"]
[WhiteFideId "4187369"]
[BlackFideId "14136503"]
[EventDate "2016.01.30"]

1. c4 f5 2. Nc3 Nf6 3. g3 d6 4. Bg2 g6 5. Nf3 Bg7 6. O-O O-O 7. d4 Qe8 8. b3 c6
9. Qc2 Na6 10. Ba3 Rb8 11. b4 b5 12. c5 dxc5 13. dxc5 e5 14. Rad1 Nc7 15. Bb2
Nfd5 16. e4 fxe4 17. Nxe4 Bg4 18. Qb3 Kh8 19. Rde1 Bxf3 20. Bxf3 Nxb4 21. Qxb4
Rxf3 22. Ng5 Rf5 23. Qh4 h5 24. Ne4 Qe6 25. Nd6 Rff8 26. Qe4 Nd5 27. f4 Ne7 28.
Bxe5 Bxe5 29. fxe5 Nd5 30. Qd4 Kg7 31. Ne4 Rxf1+ 32. Rxf1 Rf8 33. Re1 Rf5 34.
Nd6 Rf8 35. Qd2 Ne7 36. Qb2 Kh7 37. Ne4 Rf5 38. Qd2 Kg7 39. Ng5 Qc4 40. Qd6 Nc8
41. Qd7+ 1-0

[Event "Moscow Open A 2016"]
[Site "Moscow RUS"]
[Date "2016.01.31"]
[Round "2.90"]
[White "Nyudleev, Dolgan"]
[Black "Tleptsok, Ruslan"]
[Result "0-1"]
[WhiteTitle "IM"]
[WhiteElo "2328"]
[BlackElo "2156"]
[WhiteFideId "4198360"]
[BlackFideId "24104485"]
[EventDate "2016.01.30"]

1. e4 c5 2. Nf3 d6 3. Bb5+ Bd7 4. Bxd7+ Qxd7 5. O-O Nc6 6. c3 Nf6 7. Re1 e6 8.
d4 d5 9. e5 Ne4 10. Nbd2 Nxd2 11. Bxd2 Be7 12. h4 h6 13. h5 cxd4 14. cxd4 Rc8
15. Rc1 O-O 16. Rc3 Nb4 17. a3 Rxc3 18. Bxc3 Na6 19. Nh2 Rc8 20. Re3 Nc7 21. Rg3
Ne8 22. Ng4 Bg5 23. Bd2 Bxd2 24. Qxd2 Kh7 25. Qd3+ Kh8 26. Qd2 Kh7 27. Qd3+ Kh8
28. Qe3 Kh7 29. Qf4 Qe7 30. Rf3 Rc7 31. Ne3 b5 32. Kh2 a5 33. Nf1 b4 34. Nd2 a4
35. Qe3 b3 36. Qd3+ Kh8 37. Qb5 Rc2 38. Nf1 Rc4 39. Rc3 Nc7 40. Qb8+ Kh7 41.
Rxc4 dxc4 42. Qb7 Qh4+ 43. Kg1 Nd5 44. Qxf7 Qg4 45. f3 Qf5 46. Qb7 Qc2 47. Ng3
Qc1+ 48. Kh2 Qf4 49. Kh3 Qg5 50. Qf7 Nf4+ 0-1

[Event "Moscow Open A 2016"]
[Site "Moscow RUS"]
[Date "2016.01.31"]
[Round "2.91"]
[White "Loginov, Anton"]
[Black "Oganisian, Roman"]
[Result "1-0"]
[BlackTitle "FM"]
[WhiteElo "2149"]
[BlackElo "2328"]
[WhiteFideId "4125134"]
[BlackFideId "4153006"]
[EventDate "2016.01.30"]

1. e4 c5 2. Nf3 d6 3. d4 cxd4 4. Nxd4 Nf6 5. Nc3 a6 6. f3 e6 7. Be3 b5 8. Qd2
Bb7 9. a4 b4 10. Na2 d5 11. e5 Nfd7 12. f4 Nc5 13. Bd3 a5 14. O-O Nbd7 15. Nc1
g6 16. Ncb3 Be7 17. Nxc5 Bxc5 18. Rae1 Qb6 19. Bb5 Ba6 20. c4 bxc3 21. bxc3 Bxb5
22. Nxb5 O-O 23. Bd4 Rfc8 24. f5 Bxd4+ 25. cxd4 exf5 26. Nd6 Rf8 27. Rb1 Qa6 28.
Rb3 Rab8 29. Rg3 Qa7 30. Nxf5 Nxe5 31. Qf4 1-0

[Event "Moscow Open A 2016"]
[Site "Moscow RUS"]
[Date "2016.01.31"]
[Round "2.92"]
[White "Prikhodko, Anton"]
[Black "Sizintsev, Alexey"]
[Result "1-0"]
[WhiteElo "2326"]
[BlackElo "2150"]
[WhiteFideId "24115150"]
[BlackFideId "24190985"]
[EventDate "2016.01.30"]

1. e4 e5 2. Nc3 Nf6 3. f4 d5 4. fxe5 Nxe4 5. Nf3 Nc6 6. Qe2 Nxc3 7. dxc3 Bg4 8.
Bf4 Be7 9. h3 Bxf3 10. Qxf3 Bg5 11. Bh2 Qe7 12. Bb5 Qc5 13. a4 O-O 14. b4 Qe7
15. O-O Nd8 16. Bd3 c6 17. Bg3 Ne6 18. h4 Bh6 19. Rad1 Rfe8 20. c4 dxc4 21. Bxc4
Rad8 22. Rd6 Rd7 23. b5 c5 24. Bd5 Rf8 25. Rxe6 fxe6 26. Bxe6+ Rf7 27. Bxf7+
Qxf7 28. e6 Qxf3 29. Rxf3 Re7 30. Bd6 Re8 31. e7 g6 32. Bxc5 1-0

[Event "Moscow Open A 2016"]
[Site "Moscow RUS"]
[Date "2016.01.31"]
[Round "2.93"]
[White "Lagashin, Pavel"]
[Black "Kholopov, Alexander A."]
[Result "1-0"]
[BlackTitle "FM"]
[WhiteElo "2139"]
[BlackElo "2325"]
[WhiteFideId "24132144"]
[BlackFideId "4148100"]
[EventDate "2016.01.30"]

1. Nf3 Nf6 2. g3 g6 3. Bg2 Bg7 4. O-O O-O 5. d3 c5 6. e4 Nc6 7. Nbd2 d5 8. c3 e5
9. exd5 Nxd5 10. Re1 Bf5 11. Nc4 Re8 12. Qb3 Bxd3 13. Bg5 Qc7 14. Ncxe5 Nxe5 15.
Qxd5 Bc4 16. Qe4 Nxf3+ 17. Qxf3 Rxe1+ 18. Rxe1 Bxa2 19. Re7 Qd6 20. Qxb7 Qd1+
21. Bf1 Rf8 22. Qb5 Bd5 23. Qd3 Qxd3 24. Bxd3 h6 25. Bf4 a5 26. Rc7 Re8 27. Kf1 1-0

[Event "Moscow Open A 2016"]
[Site "Moscow RUS"]
[Date "2016.01.31"]
[Round "2.94"]
[White "Savenkov, Konstantin"]
[Black "Lebedev, Mikhail S."]
[Result "1-0"]
[WhiteTitle "FM"]
[WhiteElo "2325"]
[BlackElo "2136"]
[WhiteFideId "4138600"]
[BlackFideId "24130303"]
[EventDate "2016.01.30"]

1. Nf3 Nf6 2. g3 g6 3. Bg2 Bg7 4. O-O O-O 5. d4 d6 6. c4 Nc6 7. Nc3 a6 8. Qd3 e5
9. dxe5 dxe5 10. Qxd8 Rxd8 11. Bg5 Be6 12. Nd2 h6 13. Bxf6 Rxd2 14. Bxg7 Kxg7
15. Bxc6 bxc6 16. b3 Kf8 17. Rfd1 Rxd1+ 18. Rxd1 Ke7 19. f3 Rg8 20. Kf2 Bc8 21.
Na4 f5 22. Nc5 Kf6 23. e3 Ke7 24. Nd3 Ke6 25. f4 exf4 26. exf4 g5 27. Ne5 c5 28.
Nd3 Kd6 29. Nb4+ Ke6 30. Nd5 Rg7 31. Re1+ Kd6 32. Re8 Bb7 33. Ne3 Rf7 34. Rh8
gxf4 35. gxf4 Kd7 36. Rxh6 a5 37. h4 Be4 38. h5 Ke7 39. Ra6 Kf8 40. Rxa5 Kg7 41.
Rxc5 Kh6 42. a4 Kxh5 43. a5 Rf8 44. a6 Ra8 45. Ra5 c5 46. Nd5 Kg4 47. a7 1-0

[Event "Moscow Open A 2016"]
[Site "Moscow RUS"]
[Date "2016.01.31"]
[Round "2.95"]
[White "Terekhov, Konstantin"]
[Black "Rychkov, Oleg"]
[Result "0-1"]
[BlackTitle "FM"]
[WhiteElo "2122"]
[BlackElo "2323"]
[WhiteFideId "4115856"]
[BlackFideId "4122852"]
[EventDate "2016.01.30"]

1. d4 Nf6 2. c4 c6 3. Nf3 g6 4. Nc3 d5 5. cxd5 cxd5 6. Bf4 Bg7 7. Bxb8 Rxb8 8.
Qa4+ b5 9. Qxa7 Rb7 10. Qa6 O-O 11. e3 b4 12. Na4 Ne4 13. Bd3 Rb8 14. Qc6 e6 15.
Bxe4 Bd7 16. Qc2 dxe4 17. Nd2 e5 18. O-O Bb5 19. Rfe1 Bd3 20. Qb3 exd4 21. exd4
Re8 22. Nf3 Bxd4 23. Nxd4 Qxd4 24. Qd1 Rb5 25. Qd2 f5 26. a3 Reb8 27. Qd1 Kh8
28. Qc1 b3 29. Nc3 Rc5 30. Qf4 Rbc8 31. Rac1 Bc2 32. Nd1 Rd8 33. h4 Qf6 34. Nc3
Qd6 35. Qg5 Rdc8 36. Ne2 Qe5 37. h5 gxh5 38. Nc3 Rg8 39. Qxh5 f4 40. Qh4 Qg5 41.
Qh3 Rc6 42. Ne2 Qe5 43. Qd7 Rcg6 44. Kf1 Rxg2 45. Nxf4 Rxf2+ 0-1

[Event "Moscow Open A 2016"]
[Site "Moscow RUS"]
[Date "2016.01.31"]
[Round "2.96"]
[White "Krylov, Ivan"]
[Black "Dobrocmyslov, Artem"]
[Result "1-0"]
[WhiteTitle "FM"]
[WhiteElo "2322"]
[BlackElo "2119"]
[WhiteFideId "24128066"]
[BlackFideId "24139521"]
[EventDate "2016.01.30"]

1. d4 Nf6 2. c4 e6 3. g3 c5 4. d5 exd5 5. cxd5 b5 6. Nf3 Bb7 7. e4 Nxe4 8. Bd3
Bxd5 9. O-O Be7 10. Re1 Nf6 11. Nc3 Be6 12. Bxb5 O-O 13. Ng5 Bg4 14. Qa4 d5 15.
Nxd5 Qxd5 16. Rxe7 Qf5 17. Qb3 Qg6 18. Nxf7 Qh5 19. Bf4 Nd5 20. Ne5 c4 21. Bxc4
Kh8 22. Bxd5 Rxf4 23. Nf7+ 1-0

[Event "Moscow Open A 2016"]
[Site "Moscow RUS"]
[Date "2016.01.31"]
[Round "2.97"]
[White "Hakobyan, Hovhannes H."]
[Black "Derevianchenko, Ilia"]
[Result "1/2-1/2"]
[WhiteElo "2112"]
[BlackElo "2316"]
[WhiteFideId "13306308"]
[BlackFideId "14104709"]
[EventDate "2016.01.30"]

1. e4 c5 2. Nf3 Nc6 3. d4 cxd4 4. Nxd4 Nf6 5. Nc3 e6 6. Nxc6 dxc6 7. Qxd8+ Kxd8
8. e5 Nd7 9. Bf4 h6 10. h4 g6 11. O-O-O Bg7 12. Rh3 b5 13. Re3 a5 14. a4 b4 15.
Ne4 Ke7 16. Nd6 Nb6 17. g4 Nd5 18. Re4 Nxf4 19. Rxf4 f5 20. exf6+ Bxf6 21. Bc4
Rd8 22. Nxc8+ Raxc8 23. Re1 Rd6 24. Rfe4 Bxh4 25. Rxe6+ Kd7 26. Rxd6+ Kxd6 27.
Re6+ Kc5 28. Bd3 Rf8 29. Rxg6 Rxf2 30. Be4 Rf6 31. Rxf6 Bxf6 32. b3 Bg5+ 33. Kd1
Kd4 34. Bxc6 Ke3 35. Bd7 Bf6 36. Be6 Bc3 37. Bf5 Kf3 38. Bc8 Ke3 39. Kc1 Kf3 40.
Kd1 Ke3 41. Bb7 1/2-1/2

[Event "Moscow Open A 2016"]
[Site "Moscow RUS"]
[Date "2016.01.31"]
[Round "2.98"]
[White "Bryakin, Mikhail"]
[Black "Martynyuk, Elizaveta"]
[Result "0-1"]
[WhiteTitle "FM"]
[BlackTitle "WFM"]
[WhiteElo "2315"]
[BlackElo "2115"]
[WhiteFideId "4165314"]
[BlackFideId "24128511"]
[EventDate "2016.01.30"]

1. d4 d5 2. c4 c6 3. Nf3 Nf6 4. Qb3 dxc4 5. Qxc4 b5 6. Qc2 Bb7 7. g3 Nbd7 8. Bg2
Rc8 9. b4 e6 10. Bd2 Bd6 11. O-O O-O 12. a3 Qe7 13. Re1 e5 14. e4 Qe6 15. Nc3
Rfd8 16. h3 a6 17. Be3 h6 18. Rad1 a5 19. dxe5 Nxe5 20. Nd4 Qe8 21. Nf5 Bf8 22.
Bc5 axb4 23. axb4 Rxd1 24. Rxd1 Rd8 25. Nd6 Bxd6 26. Bxd6 Qe6 27. Bc5 Rxd1+ 28.
Nxd1 Qc4 29. Qxc4 bxc4 30. Ne3 Ba6 31. Bd6 Nfd7 32. f4 Nd3 33. e5 Bb5 34. Nd1
Nb6 35. Bf1 Nc1 36. Nc3 Nd5 37. Nxd5 cxd5 38. Bc5 Nb3 39. Kf2 d4 40. Ke1 c3 41.
Bxd4 Nxd4 42. Bxb5 Nxb5 43. Ke2 Kf8 44. Kd3 Ke7 45. f5 Kd7 46. g4 Kc6 47. f6
gxf6 48. h4 fxe5 49. g5 h5 0-1

[Event "Moscow Open A 2016"]
[Site "Moscow RUS"]
[Date "2016.01.31"]
[Round "2.99"]
[White "Soldatov, Arnold"]
[Black "Dzhangobegov, Vladimir"]
[Result "0-1"]
[BlackTitle "FM"]
[WhiteElo "2075"]
[BlackElo "2314"]
[WhiteFideId "24135623"]
[BlackFideId "4180984"]
[EventDate "2016.01.30"]

1. d4 g6 2. Nf3 Bg7 3. g3 Nf6 4. Bg2 O-O 5. O-O d5 6. c4 dxc4 7. Na3 c3 8. bxc3
c5 9. Bf4 Nc6 10. Rc1 Nd5 11. Bd2 cxd4 12. cxd4 Nb6 13. e3 Be6 14. Qc2 Rc8 15.
Qb1 Qd7 16. Ng5 Bf5 17. Ne4 e5 18. Nc5 Qe7 19. Be4 Bxe4 20. Qxe4 f5 21. Qb1 exd4
22. Qb3+ Qf7 23. Ne6 dxe3 24. fxe3 Rfe8 25. Nxg7 Qxb3 26. axb3 Kxg7 27. Nb5 Rcd8
28. Rfd1 Nd5 29. Kf2 a6 30. Nc3 Ndb4 31. Ke2 Rd3 32. Na4 Red8 33. Bc3+ Kf7 34.
Rxd3 Nxd3 35. Rb1 Ke6 36. Kf3 b5 37. Nb2 Nxb2 38. Rxb2 Rd3 39. Bh8 Kd5 40. b4
Ra3 41. Rd2+ Ke6 42. Rb2 Ra4 43. Bc3 Kd5 44. Be1 Ne5+ 45. Ke2 Ke4 46. Bc3 Nc4
47. Rc2 Ra3 48. Rc1 Ra2+ 49. Ke1 Kf3 50. Bd4 Rxh2 51. Kd1 Rh1+ 52. Kc2 Rxc1+ 0-1

[Event "Moscow Open A 2016"]
[Site "Moscow RUS"]
[Date "2016.01.31"]
[Round "2.100"]
[White "Morozov, Egor"]
[Black "Merkushev, Dmitry"]
[Result "1-0"]
[WhiteTitle "FM"]
[WhiteElo "2313"]
[BlackElo "2107"]
[WhiteFideId "24102121"]
[BlackFideId "34123676"]
[EventDate "2016.01.30"]

1. e4 d5 2. exd5 Qxd5 3. Nc3 Qd6 4. Nf3 Nf6 5. d4 Nc6 6. Bc4 Bg4 7. h3 Bxf3 8.
Qxf3 O-O-O 9. d5 Ne5 10. Qf5+ e6 11. dxe6 Nxc4 12. e7+ Rd7 13. exf8=R+ Rxf8 14.
O-O Re8 15. Bf4 Qe6 16. Qc5 b6 17. Qb5 Kb7 18. a4 Qc6 19. a5 Qxb5 20. Nxb5 a6
21. Nxc7 Rxc7 22. Bxc7 Kxc7 23. axb6+ Kxb6 24. Ra4 Kb5 25. b3 Nd2 26. Rfa1 Re6
27. f3 Re3 28. Rd1 Nxb3 29. cxb3 Rxb3 30. Rda1 Nd5 31. Rxa6 Kc4 32. Rc6+ Kb5 33.
Rac1 Nb4 34. Rc7 Rb2 35. Rxf7 1-0

[Event "Moscow Open A 2016"]
[Site "Moscow RUS"]
[Date "2016.01.31"]
[Round "2.101"]
[White "Pirverdiyev, Agil"]
[Black "Shoshin, Boris"]
[Result "1-0"]
[WhiteElo "2311"]
[BlackElo "2068"]
[WhiteFideId "13400568"]
[BlackFideId "34196568"]
[EventDate "2016.01.30"]

1. e4 e5 2. Nf3 Nc6 3. Bb5 a6 4. Ba4 Nf6 5. O-O Be7 6. Re1 b5 7. Bb3 d6 8. c3
O-O 9. h3 Na5 10. Bc2 c5 11. d4 cxd4 12. cxd4 Bb7 13. d5 Rc8 14. b3 Qc7 15. Bd3
Nd7 16. Bb2 f5 17. exf5 Nf6 18. Ng5 Bxd5 19. Nc3 Bf7 20. Rc1 Qb6 21. Nxf7 Rxf7
22. Ne4 Rxc1 23. Bxc1 d5 24. Ng5 e4 25. Nxf7 Kxf7 26. Be3 Qc7 27. Be2 Bb4 28.
Rf1 Qe5 29. Bd4 Qxf5 30. f3 e3 31. Bxe3 Qe5 32. Qd4 Qxd4 33. Bxd4 Nc6 34. Bxf6
Kxf6 35. f4 d4 36. Bf3 Ne7 37. g4 Bd2 38. Be4 h6 39. h4 Ke6 40. Kg2 Nd5 41. f5+
Ke5 42. Bxd5 Kxd5 43. f6 gxf6 44. Rxf6 Ke4 45. g5 hxg5 46. hxg5 Bxg5 47. Rxa6
Bd2 48. a3 Kd3 49. a4 bxa4 50. bxa4 Ke2 51. Rb6 d3 52. Rb2 Ke3 53. Kf1 Bc3 54.
Rh2 Bb4 55. Rh4 d2 56. Rh3+ Kd4 57. Ke2 Kc5 58. Rh5+ Kb6 59. Rb5+ 1-0

[Event "Moscow Open A 2016"]
[Site "Moscow RUS"]
[Date "2016.01.31"]
[Round "2.102"]
[White "Manafov, Vugar"]
[Black "Zenin, Dmitri"]
[Result "1-0"]
[WhiteElo "2052"]
[BlackElo "2310"]
[WhiteFideId "13410814"]
[BlackFideId "4127897"]
[EventDate "2016.01.30"]

1. d3 g6 2. g3 Bg7 3. Bg2 c5 4. Nc3 Nc6 5. e4 e6 6. f4 Nge7 7. Nf3 O-O 8. O-O d6
9. Be3 Nd4 10. Qd2 Rb8 11. Bxd4 cxd4 12. Ne2 Nc6 13. g4 d5 14. e5 f6 15. Nexd4
fxe5 16. fxe5 Qb6 17. c3 Rxf3 18. Rxf3 Nxe5 19. Rf2 Bd7 20. h3 Re8 21. Kh1 Qa6
22. Rd1 Qxa2 23. Nf3 Nf7 24. d4 Qa5 25. Ng5 Nxg5 26. Qxg5 Qd8 27. Qf4 Rf8 28.
Qg3 Re8 29. Rf3 Bb5 30. Qf2 Qd7 31. Re1 a6 32. g5 e5 33. dxe5 Rxe5 34. Rxe5 Bxe5
35. Qe1 Bg7 36. Qd1 Qe6 37. Qd2 Bc6 38. Rd3 d4 39. cxd4 Bxg2+ 40. Kxg2 Qd5+ 41.
Kf2 Qh1 42. Qf4 Qb1 43. Rf3 Qxb2+ 44. Kg3 1-0

[Event "Moscow Open A 2016"]
[Site "Moscow RUS"]
[Date "2016.01.31"]
[Round "2.103"]
[White "Mustaps, Matiss"]
[Black "Fomin, Andrey"]
[Result "1-0"]
[WhiteTitle "FM"]
[WhiteElo "2308"]
[BlackElo "2241"]
[WhiteFideId "11602295"]
[BlackFideId "4162447"]
[EventDate "2016.01.30"]

1. e4 e6 2. d4 d5 3. Nc3 Bb4 4. exd5 exd5 5. Bd3 c5 6. dxc5 Nf6 7. Ne2 O-O 8.
O-O Bxc5 9. Bg5 Be6 10. Nf4 Nc6 11. Ncxd5 Bxd5 12. Nxd5 Qxd5 13. Bxf6 Bd4 14.
Bxd4 Qxd4 15. c3 Qf6 16. Qc2 g6 17. Rfe1 Rac8 18. Rad1 Rc7 19. Qa4 Ne5 20. Qxa7 1-0

[Event "Moscow Open A 2016"]
[Site "Moscow RUS"]
[Date "2016.01.31"]
[Round "2.104"]
[White "Popov, Kirill"]
[Black "Daurbekov, Murad"]
[Result "1/2-1/2"]
[WhiteTitle "FM"]
[WhiteElo "2305"]
[BlackElo "2061"]
[WhiteFideId "24157457"]
[BlackFideId "4192982"]
[EventDate "2016.01.30"]

1. e4 e6 2. d4 d5 3. Nc3 Bb4 4. exd5 exd5 5. Bd3 c6 6. Ne2 Ne7 7. a3 Bd6 8. Bf4
Bf5 9. Bxf5 Nxf5 10. Qd3 Ne7 11. Qg3 Bxf4 12. Nxf4 O-O 13. O-O Nd7 14. Rae1 Nf6
15. Re5 Qd7 16. Nd3 Nf5 17. Qf4 Nd6 18. Re3 Nc4 19. Rf3 Qg4 20. Qxg4 Nxg4 21.
Rg3 Nh6 22. a4 Nf5 23. Rg4 Rfe8 24. Rb1 h5 25. Rf4 g6 26. g4 hxg4 27. Rxg4 Nd2
28. Rd1 Nf3+ 29. Kh1 N5h4 30. Ne5 Nxe5 31. Rxh4 Nd7 32. Kg2 Kg7 33. a5 a6 34. b4
Rh8 35. Rxh8 Rxh8 36. Re1 Kf8 37. f3 Rh4 38. Rd1 Ke7 39. Na4 Kd8 40. Nc5 Nxc5
41. bxc5 g5 42. c3 f5 43. Rb1 Rh7 44. Kg3 Re7 45. Kf2 Kc7 46. Rg1 Rg7 47. f4 g4
48. Rh1 Kd7 1/2-1/2

[Event "Moscow Open A 2016"]
[Site "Moscow RUS"]
[Date "2016.01.31"]
[Round "2.105"]
[White "Proleiko, Julian"]
[Black "Erzhanov, Arman"]
[Result "0-1"]
[BlackTitle "FM"]
[WhiteElo "2047"]
[BlackElo "2304"]
[WhiteFideId "30900255"]
[BlackFideId "4138821"]
[EventDate "2016.01.30"]

1. e4 c5 2. Nf3 Nc6 3. d4 cxd4 4. Nxd4 Qb6 5. Nb3 Nf6 6. Nc3 d6 7. Be2 a6 8. O-O
e6 9. Be3 Qc7 10. f4 b5 11. a3 Be7 12. Qe1 Bb7 13. Qg3 O-O 14. Rae1 b4 15. axb4
Nxb4 16. e5 Ne4 17. Nxe4 Bxe4 18. Nd4 dxe5 19. fxe5 Nxc2 20. Rc1 Nxd4 21. Bxd4
Qb7 22. Rf4 a5 23. Kh1 Rac8 24. Rg1 Bc5 25. Bf3 Bxf3 26. gxf3 g6 27. Bxc5 Rxc5
28. Re4 Rfc8 29. h4 h5 30. Rf4 Rc1 31. Qf2 R1c2 32. Qg3 Rc1 33. Qf2 Qd5 34. Re4
R8c2 35. Re2 Rxg1+ 36. Kxg1 Qd1+ 37. Re1 Rxf2 38. Rxd1 Rxf3 39. Ra1 Rb3 40. Ra2
Rb5 0-1

[Event "Moscow Open A 2016"]
[Site "Moscow RUS"]
[Date "2016.01.31"]
[Round "2.106"]
[White "Uraev, Ivan"]
[Black "Tsvetkov, Andrey"]
[Result "1-0"]
[WhiteTitle "FM"]
[BlackTitle "CM"]
[WhiteElo "2302"]
[BlackElo "2028"]
[WhiteFideId "4192443"]
[BlackFideId "34139360"]
[EventDate "2016.01.30"]

1. g3 d5 2. Bg2 Nf6 3. Nf3 g6 4. O-O Bg7 5. d3 Nbd7 6. Nbd2 O-O 7. e4 dxe4 8.
dxe4 e5 9. Qe2 Qe7 10. Nc4 b6 11. b3 Bb7 12. Ba3 c5 13. Nfd2 Rfd8 14. Bb2 Ne8
15. Ne3 Nd6 16. c4 Rf8 17. Nd5 Bxd5 18. cxd5 Rae8 19. Nc4 f5 20. Nxd6 Qxd6 21.
f3 f4 22. Qa6 g5 23. Bh3 Nf6 24. Be6+ Kh8 25. gxf4 gxf4 26. Kh1 Rxe6 27. dxe6
Qxe6 28. Rg1 Nh5 29. Rg4 Nf6 30. Rg5 Qh3 31. Qf1 Qh4 32. Qg2 Nh5 33. Rg4 Qe7 34.
Rg1 Rd8 35. Qh3 Qf7 36. Rg5 Ng3+ 37. hxg3 fxg3 38. Qxg3 Rd2 39. Bxe5 1-0

[Event "Moscow Open A 2016"]
[Site "Moscow RUS"]
[Date "2016.01.31"]
[Round "2.107"]
[White "Mashkov, Sergey"]
[Black "Lutsenko, Alexander"]
[Result "1-0"]
[WhiteTitle "FM"]
[WhiteElo "2301"]
[BlackElo "2026"]
[WhiteFideId "24102067"]
[BlackFideId "54159806"]
[EventDate "2016.01.30"]

1. e4 e5 2. Nf3 Nc6 3. Bc4 Bc5 4. O-O Nf6 5. d4 exd4 6. e5 d5 7. exf6 dxc4 8.
Re1+ Be6 9. fxg7 Rg8 10. Ng5 Qd5 11. Nc3 Qf5 12. Nce4 O-O-O 13. g4 Qe5 14. Nxe6
fxe6 15. Bh6 d3 16. c3 Be7 17. Qf3 Qd5 18. Qf7 Rde8 19. Rad1 Ne5 20. Qf4 Kb8 21.
Re3 Ng6 22. Qf7 Ne5 23. Qh5 Ng6 24. b3 Qxh5 25. gxh5 Nh4 26. Ng3 Bd6 27. Re4
Bxg3 28. hxg3 Nf5 29. Bf4 Nxg7 30. h6 Nf5 31. bxc4 Rg6 32. Rxd3 Kc8 33. Rd5 Rd8
34. Rxd8+ Kxd8 35. Re5 c6 36. Kf1 a6 37. Ke2 Ke7 38. Kf3 Kf7 39. c5 Rg8 40. Re1
Rd8 41. g4 Nh4+ 42. Ke4 Rd5 43. Rb1 Rxc5 44. Rxb7+ Kf6 45. g5+ Kg6 46. Rg7+ Kh5
47. Be3 Rxc3 48. Rxh7 Nf5 49. Rg7 Rc4+ 50. Kd3 Rh4 51. g6 Nxh6 52. Bxh6 Ra4 53.
Be3 e5 54. Rg8 Ra5 55. Ke4 1-0

[Event "Moscow Open A 2016"]
[Site "Moscow RUS"]
[Date "2016.01.31"]
[Round "2.108"]
[White "Komissarov, Alexey"]
[Black "Mischeryakov, Alexey"]
[Result "1-0"]
[WhiteTitle "FM"]
[WhiteElo "2292"]
[BlackElo "1967"]
[WhiteFideId "4176545"]
[BlackFideId "34156434"]
[EventDate "2016.01.30"]

1. Nf3 d5 2. g3 c6 3. Bg2 e6 4. d4 f5 5. c4 Nf6 6. O-O Bd6 7. Qb3 O-O 8. Bd2 Qe7
9. Nc3 b6 10. Ne5 Bb7 11. Rac1 Bxe5 12. dxe5 Ne4 13. Rfd1 Nd7 14. cxd5 Nxd2 15.
Rxd2 exd5 16. Nxd5 cxd5 17. Rc7 Qxe5 18. Rxd7 Bc6 19. Bxd5+ Bxd5 20. R2xd5 Qe6
21. Rxf5 Qxb3 22. Rxf8+ Kxf8 23. axb3 Rc8 24. Rxa7 Rc2 25. Rb7 Rxe2 26. Rxb6
Rxb2 27. Rb7 h6 28. Kg2 Kg8 1-0

[Event "Moscow Open A 2016"]
[Site "Moscow RUS"]
[Date "2016.01.31"]
[Round "2.109"]
[White "Vasilyev, Vasily"]
[Black "Mustafin, Andrey"]
[Result "1/2-1/2"]
[WhiteTitle "FM"]
[WhiteElo "2284"]
[BlackElo "2241"]
[WhiteFideId "24102180"]
[BlackFideId "13406744"]
[EventDate "2016.01.30"]

1. d4 Nf6 2. c4 g6 3. Nc3 Bg7 4. e4 d6 5. Nf3 O-O 6. Be2 c5 7. d5 Bg4 8. O-O
Nfd7 9. Ne1 Bxe2 10. Qxe2 Na6 11. f4 Nc7 12. Nf3 e6 13. dxe6 Nxe6 14. Rd1 Nd4
15. Qf2 Re8 16. Be3 Nf6 17. Bxd4 cxd4 18. Nxd4 Nxe4 19. Qf3 Nxc3 20. bxc3 Qc7
21. Qd5 a6 22. Rab1 Rac8 23. Rxb7 Qxc4 24. Qxd6 Qxc3 25. Nf3 Qe3+ 26. Kh1 Rc1
27. Rb1 Rxd1+ 28. Rxd1 Qe2 29. Qd5 Bf6 30. Qd2 Bc3 31. Qxe2 Rxe2 32. Rd3 Bb4 33.
a3 Be7 34. g3 Ra2 35. Rd7 Bf6 36. Rd6 Rxa3 37. Rxf6 Rxf3 38. Rxa6 Rf2 39. Kg1
Re2 40. Ra7 Kg7 41. Rb7 h5 42. h4 Kf6 43. Ra7 Rb2 44. Ra5 Rc2 45. Rg5 Rb2 46. f5 1/2-1/2

[Event "Moscow Open A 2016"]
[Site "Moscow RUS"]
[Date "2016.01.31"]
[Round "2.110"]
[White "Pogosyan, Stefan"]
[Black "Giannoulakis, Labros"]
[Result "0-1"]
[WhiteElo "1974"]
[BlackElo "2272"]
[WhiteFideId "34159867"]
[BlackFideId "4247019"]
[EventDate "2016.01.30"]

1. d4 Nf6 2. c4 g6 3. Nc3 Bg7 4. g3 O-O 5. Bg2 d6 6. Nf3 Nc6 7. O-O Bf5 8. d5
Na5 9. Nd2 c5 10. e4 Bd7 11. Qc2 a6 12. b3 b5 13. Bb2 bxc4 14. bxc4 Rb8 15. Rac1
Rb4 16. a3 Rxc4 17. Nxc4 Nxc4 18. Qe2 Nxb2 19. Qxb2 Ng4 20. h3 Ne5 21. Rfd1 Qa5
22. Bf1 Ba4 23. Nxa4 Nf3+ 24. Kg2 Bxb2 25. Nxb2 Ne5 26. a4 Rb8 27. Rc2 Qb4 28.
Re2 Qc3 29. Rdd2 Nf3 30. Nd1 Qxd2 31. Rxd2 Nxd2 32. Bxa6 Nxe4 33. Bb5 Nd2 34.
Ne3 Ra8 35. f4 e6 36. Kf2 Ne4+ 37. Kf3 Nc3 38. Bc6 Ra7 39. Nc4 exd5 0-1

[Event "Moscow Open A 2016"]
[Site "Moscow RUS"]
[Date "2016.01.31"]
[Round "2.111"]
[White "Grishaev, Igor"]
[Black "Amerzianov, Timur"]
[Result "0-1"]
[WhiteElo "1933"]
[BlackElo "2269"]
[WhiteFideId "4197925"]
[BlackFideId "24136182"]
[EventDate "2016.01.30"]

1. d4 d6 2. c4 Nf6 3. Nc3 g6 4. e4 Bg7 5. h3 O-O 6. Nf3 c5 7. Be3 cxd4 8. Nxd4
Nc6 9. Be2 Bd7 10. O-O Nxd4 11. Bxd4 Bc6 12. Qd3 Nd7 13. Bxg7 Kxg7 14. Nd5 Kg8
15. b4 a6 16. Ne3 a5 17. a3 axb4 18. axb4 Qb6 19. Rxa8 Rxa8 20. b5 Nc5 21. Nd5
Bxd5 22. Qxd5 e6 23. Qd4 Ra2 24. Bf3 e5 25. Qe3 Rc2 26. Rc1 Rxc1+ 27. Qxc1 Nd3
28. Qf1 Qd4 29. g3 Kg7 30. h4 h5 31. Kg2 Nb2 32. Be2 Qxe4+ 33. Bf3 Qxc4 34. Bxb7
Nd3 35. Bc6 d5 36. Qe2 Nf4+ 0-1